000
003160000a22001450004500
003
MACL
040
_a
MACL
090
_c
2210
_d
2210
100
_a
Ramachandran k
245
_a
The Bhagvad Gitafrom A Different Perspective
260
_b
Suvarnarekha
_c
2006
350
_a
200
650
_a
Religion
942
_c
BOOK
_k
200
999
_c
2195
_d
2195